000 01280nam a2200313 c 4500
003 BLK
005 20241122174904.0
008 210309b bul|||||r ||||||| ||bul||
020 _a9786197082616
040 _aBLK
041 _aBUL
_cBUL
080 _aХоландска литература
_b821.112.5(492)
_x-1
_z821.112.5(492)-1
100 _aКопланд, Рухтер
_9338342
139 _aКопланд, Рухтер
_bК 84
245 1 0 _aКаквото казах, нека
_cРухтер Копланд ; прев. от нидерл. Боряна Кацарска.
257 _aNLD
260 _aСофия
_bИзд. за поезия ДА
_c2020
_fСофия : Симолини
_9219884
_n978-619-7082-
300 _a332 с.
_c22 см
380 _aX
500 _aПрев. по: Verzamelde gedichten / Rutger Kopland. - За авт.: с. 315-316. - Почти приятното усещане да си излишен / Боряна Кацарска: с. 317-326.
700 _aКацарска, Боряна Иванова
_9321675
852 _aЦб 306930
_bЦб
852 _a821-1/К 84
_bП
856 4 _qpdf
856 4 _qpdf
942 _cKNG
_n0
_s1
_01
944 _aCR
_c2021-03-09
_k30530
_lМинев Младен
999 _c400376
_d400376
999 _d400376